[Event "Gibtelecom ChallWk1 3rd"]
[Site "Gibraltar"]
[Date "2005.01.29"]
[Round "5.3"]
[White "Judd, Ian"]
[Black "Dickens, Rupert"]
[Result "1/2-1/2"]
[WhiteElo "1847"]
[BlackElo "1938"]
[PlyCount "81"]
[EventDate "2005.01.25"]
[EventType "swiss"]
[EventRounds "5"]
[EventCountry "GGB"]
[SourceTitle "BritBase"]
[Source "www.saund.co.uk"]
[SourceDate "2018.02.10"]
[SourceVersion "1"]
[SourceVersionDate "2018.02.10"]
[SourceQuality "1"]

1. c4 f5 2. g3 Nf6 3. Bg2 d6 4. f4 g6 5. Nf3 Bg7 6. d4 O-O 7. Nc3 e6 8. O-O
Nbd7 9. Qc2 Qe7 10. e4 fxe4 11. Nxe4 Re8 12. Nxf6+ Qxf6 13. Bd2 Nf8 14. Rae1
Bd7 15. Bc3 Qf5 16. Qd2 Bc6 17. Re3 Rad8 18. Rfe1 e5 19. fxe5 dxe5 20. Nh4 Qh5
21. Bxc6 bxc6 22. Qg2 exd4 23. Rxe8 Rxe8 24. Rxe8 dxc3 25. bxc3 Qc5+ 26. Qf2
Qxc4 27. Nf3 Qxc3 28. Kg2 h6 29. Qxa7 c5 30. Qxc7 Qc2+ 31. Kf1 Qb1+ 32. Ne1
Qxa2 33. Re2 Qd5 34. Ng2 Qd1+ 35. Re1 Qf3+ 36. Kg1 Bd4+ 37. Kh1 Qf2 38. Qc6 Qf6
39. Qd5+ Kg7 40. Qb7+ Kg8 41. Qd5+ 1/2-1/2

[Event "Gibtelecom ChallWk1 3rd"]
[Site "Gibraltar"]
[Date "2005.01.29"]
[Round "5.4"]
[White "Slimani, Abderezzak"]
[Black "Gravett, Alan D"]
[Result "1-0"]
[WhiteElo "1802"]
[BlackElo "1750"]
[PlyCount "77"]
[EventDate "2005.01.25"]
[EventType "swiss"]
[EventRounds "5"]
[EventCountry "GGB"]
[SourceTitle "BritBase"]
[Source "www.saund.co.uk"]
[SourceDate "2018.02.10"]
[SourceVersion "1"]
[SourceVersionDate "2018.02.10"]
[SourceQuality "1"]

1. e4 c5 2. Nc3 d6 3. Bc4 Nf6 4. d3 g6 5. f4 Nc6 6. Nf3 Bg7 7. O-O O-O 8. Qe1
a6 9. Qh4 b5 10. Bb3 e6 11. f5 c4 12. dxc4 b4 13. Na4 exf5 14. exf5 Bxf5 15.
Bg5 Ne5 16. Nd4 Qe7 17. Nb6 Neg4 18. Nxa8 Qa7 19. c3 bxc3 20. bxc3 h6 21. Bf4
Ne4 22. h3 Bxd4+ 23. Kh1 Bf6 24. Qe1 Nef2+ 25. Rxf2 Nxf2+ 26. Kh2 Nd3 27. Qe3
Qxa8 28. Bxd6 Re8 29. Qd2 Qc6 30. Bg3 Bg5 31. Qd1 h5 32. Ba4 Qe4 33. Bxe8 h4
34. Bb8 Bf4+ 35. Bxf4 Qxf4+ 36. Kg1 Qf2+ 37. Kh2 Qg3+ 38. Kg1 Qf2+ 39. Kh2 1-0

[Event "Gibtelecom ChallWk1 3rd"]
[Site "Gibraltar"]
[Date "2005.01.29"]
[Round "5.5"]
[White "Sbia, Bachir"]
[Black "Gonzalez Amaya, Millan"]
[Result "1-0"]
[WhiteElo "1960"]
[BlackElo "1705"]
[PlyCount "40"]
[EventDate "2005.01.25"]
[EventType "swiss"]
[EventRounds "5"]
[EventCountry "GGB"]
[SourceTitle "BritBase"]
[Source "www.saund.co.uk"]
[SourceDate "2018.02.10"]
[SourceVersion "1"]
[SourceVersionDate "2018.02.10"]
[SourceQuality "1"]

1. e4 e5 2. Nf3 Nf6 3. Nxe5 d6 4. Nf3 Nxe4 5. Nc3 Nxc3 6. dxc3 Bg4 7. h3 Bh5 8.
Qd5 Bxf3 9. Qxf3 Nc6 10. Bb5 Qd7 11. O-O O-O-O 12. Be3 Kb8 13. Qd5 Ne7 14.
Bxa7+ Ka8 15. Qb3 c6 16. Bb6 Nc8 17. Bxd8 Qxd8 18. Bd3 Qf6 19. Qa4+ Kb8 20. Qd4
Qd8 1-0

[Event "Gibtelecom ChallWk1 3rd"]
[Site "Gibraltar"]
[Date "2005.01.29"]
[Round "5.6"]
[White "Garcia Silva, Angel"]
[Black "Hamer, Martyn"]
[Result "0-1"]
[WhiteElo "1877"]
[BlackElo "1915"]
[PlyCount "36"]
[EventDate "2005.01.25"]
[EventType "swiss"]
[EventRounds "5"]
[EventCountry "GGB"]
[SourceTitle "BritBase"]
[Source "www.saund.co.uk"]
[SourceDate "2018.02.10"]
[SourceVersion "1"]
[SourceVersionDate "2018.02.10"]
[SourceQuality "1"]

1. e4 Nf6 2. Nf3 e5 3. Nc3 Nc6 4. Bc4 Nxe4 5. Bxf7+ Kxf7 6. Nxe4 d5 7. Neg5+
Kg8 8. d3 h6 9. Nh3 Bd6 10. Bd2 Bg4 11. Nhg1 Be6 12. a3 e4 13. dxe4 dxe4 14.
Qe2 Qf6 15. Bc3 exf3 16. Nxf3 Qf7 17. O-O-O Bc4 18. Qe1 Re8 0-1

[Event "Gibtelecom ChallWk1 3rd"]
[Site "Gibraltar"]
[Date "2005.01.29"]
[Round "5.7"]
[White "Elamri, Laila"]
[Black "Biletska, Iryna"]
[Result "1-0"]
[WhiteElo "1532"]
[BlackElo "1915"]
[PlyCount "81"]
[EventDate "2005.01.25"]
[EventType "swiss"]
[EventRounds "5"]
[EventCountry "GGB"]
[SourceTitle "BritBase"]
[Source "www.saund.co.uk"]
[SourceDate "2018.02.10"]
[SourceVersion "1"]
[SourceVersionDate "2018.02.10"]
[SourceQuality "1"]

1. e4 e6 2. d4 c5 3. Nf3 Qa5+ 4. c3 Nf6 5. Bd3 c4 6. e5 Ng8 7. Bxc4 h6 8. Nbd2
f6 9. Bb3 Nc6 10. Nc4 Qc7 11. Bf4 f5 12. Nh4 d5 13. exd6 Qf7 14. Nf3 g5 15. Bd2
Nf6 16. Nfe5 Qh5 17. Qxh5+ Nxh5 18. Ba4 Bd7 19. Nxd7 Kxd7 20. Ne5+ Kc8 21. Bxc6
bxc6 22. d7+ Kc7 23. Nf7 Rh7 24. d8=Q+ Rxd8 25. Nxd8 Kxd8 26. O-O-O Nf6 27.
Rhe1 Ne4 28. Re2 Nxd2 29. Kxd2 Re7 30. Rde1 Kd7 31. Re5 Kd6 32. Kd3 Bg7 33.
R5e2 e5 34. dxe5+ Rxe5 35. Rxe5 Bxe5 36. h3 h5 37. Kc4 f4 38. f3 h4 39. Rxe5
Kxe5 40. Kc5 Ke6 41. Kxc6 1-0

[Event "Gibtelecom ChallWk1 3rd"]
[Site "Gibraltar"]
[Date "2005.01.29"]
[Round "5.8"]
[White "Ince, Darren"]
[Black "Hurn, Robert"]
[Result "1/2-1/2"]
[WhiteElo "1585"]
[BlackElo "1682"]
[PlyCount "52"]
[EventDate "2005.01.25"]
[EventType "swiss"]
[EventRounds "5"]
[EventCountry "GGB"]
[SourceTitle "BritBase"]
[Source "www.saund.co.uk"]
[SourceDate "2018.02.10"]
[SourceVersion "1"]
[SourceVersionDate "2018.02.10"]
[SourceQuality "1"]

1. d4 Nf6 2. Nf3 c5 3. c3 e6 4. Bg5 d5 5. e3 Nbd7 6. Nbd2 Be7 7. Bd3 b6 8. O-O
Bb7 9. Qe2 O-O 10. Rac1 c4 11. Bc2 b5 12. e4 dxe4 13. Nxe4 Nxe4 14. Bxe7 Qxe7
15. Bxe4 Nf6 16. Bxb7 Qxb7 17. Rce1 Rfd8 18. Ne5 Rac8 19. f4 Ne8 20. f5 exf5
21. Rxf5 Nd6 22. Rf3 Re8 23. Re3 Rf8 24. Ng4 h6 25. Re7 Qb8 26. Qf3 Rce8
1/2-1/2

[Event "Gibtelecom ChallWk1 3rd"]
[Site "Gibraltar"]
[Date "2005.01.29"]
[Round "5.9"]
[White "Garcia Lechugo, Francisco"]
[Black "Roberts, Malcolm"]
[Result "0-1"]
[WhiteElo "1712"]
[BlackElo "1652"]
[PlyCount "84"]
[EventDate "2005.01.25"]
[EventType "swiss"]
[EventRounds "5"]
[EventCountry "GGB"]
[SourceTitle "BritBase"]
[Source "www.saund.co.uk"]
[SourceDate "2018.02.10"]
[SourceVersion "1"]
[SourceVersionDate "2018.02.10"]
[SourceQuality "1"]

1. Nf3 d5 2. c4 c6 3. g3 Nf6 4. Bg2 e6 5. O-O Bd6 6. b3 Nbd7 7. Bb2 e5 8. Nh4
O-O 9. cxd5 cxd5 10. d4 e4 11. Nc3 Nb6 12. f3 g5 13. Qd2 gxh4 14. Qg5+ Kh8 15.
Qxh4 Be7 16. Qh6 e3 17. Qxe3 Rg8 18. Rac1 Be6 19. Rc2 Qd7 20. Qd3 Bh3 21. Rfc1
Bxg2 22. Kxg2 Nh5 23. Kf2 Qh3 24. Ke1 Qxh2 25. Kd2 Qxg3 26. Rh1 Bg5+ 27. Kd1
Qg2 28. Re1 Qh3 29. Rc1 Ng7 30. Ra1 Nf5 31. Bc1 Bxc1 32. Kxc1 Rae8 33. Kb2 Ne3
34. Rh1 Qf5 35. Qxf5 Nxf5 36. Rh2 Nxd4 37. Rah1 Rg7 38. Kc1 Rc8 39. Kd2 Rc6 40.
Rc1 Kg8 41. Kd3 Ne6 42. Rh4 d4 0-1

[Event "Gibtelecom ChallWk1 3rd"]
[Site "Gibraltar"]
[Date "2005.01.29"]
[Round "5.10"]
[White "Garriga Marrodan, Enrique"]
[Black "Elamri, Sanae"]
[Result "1/2-1/2"]
[WhiteElo "1915"]
[BlackElo "1675"]
[PlyCount "102"]
[EventDate "2005.01.25"]
[EventType "swiss"]
[EventRounds "5"]
[EventCountry "GGB"]
[SourceTitle "BritBase"]
[Source "www.saund.co.uk"]
[SourceDate "2018.02.10"]
[SourceVersion "1"]
[SourceVersionDate "2018.02.10"]
[SourceQuality "1"]

1. d4 d5 2. Nf3 Nf6 3. e3 Bg4 4. Nbd2 e6 5. Bd3 Nbd7 6. O-O Bd6 7. h3 Bh5 8.
Re1 O-O 9. e4 dxe4 10. Nxe4 Nxe4 11. Bxe4 c6 12. Bg5 Qb6 13. Be3 Qc7 14. Bxh7+
Kxh7 15. Ng5+ Kg6 16. g4 Rh8 17. gxh5+ Rxh5 18. Qg4 f5 19. Qg2 Kf6 20. Bf4 e5
21. dxe5+ Nxe5 22. Bxe5+ Bxe5 23. f4 Re8 24. Nh7+ Rxh7 25. Qg5+ Kf7 26. Qxf5+
Kg8 27. Rxe5 Rxe5 28. fxe5 Rh6 29. Rf1 Qb6+ 30. Kh2 Qxb2 31. Rd1 Qb6 32. Rd2
Qa5 33. Rf2 Qc7 34. Kg2 c5 35. Qe4 Qd7 36. Qc4+ Kh7 37. Qd3+ Qxd3 38. cxd3 Re6
39. Rf7 Rxe5 40. Rxb7 Re2+ 41. Kf3 Rxa2 42. Rb5 Rc2 43. Ra5 c4 44. dxc4 Rxc4
45. Rxa7 Kh6 46. Kg3 g5 47. Ra6+ Kh5 48. Ra3 Rf4 49. Ra8 Rb4 50. Rh8+ Kg6 51.
Rg8+ Kh5 1/2-1/2

[Event "Gibtelecom ChallWk2 3rd"]
[Site "Gibraltar"]
[Date "2005.01.30"]
[Round "1"]
[White "Garcia Lechugo, Francisco"]
[Black "Garriga Marrodan, Enrique"]
[Result "1/2-1/2"]
[WhiteElo "1712"]
[BlackElo "1915"]
[PlyCount "108"]
[EventDate "2005.01.30"]
[EventType "swiss"]
[EventRounds "5"]
[EventCountry "GGB"]
[SourceTitle "BritBase"]
[Source "www.saund.co.uk"]
[SourceDate "2018.02.10"]
[SourceVersion "1"]
[SourceVersionDate "2018.02.10"]
[SourceQuality "1"]

1. Nf3 e6 2. c4 Nf6 3. g3 c6 4. Bg2 d5 5. O-O Be7 6. b3 Nbd7 7. Bb2 O-O 8. d3
Re8 9. Nbd2 Bf8 10. Rc1 c5 11. Re1 d4 12. e4 e5 13. Rc2 Bd6 14. Bc1 Nf8 15. Ng5
h6 16. Nh3 Bd7 17. f4 Bxh3 18. Bxh3 exf4 19. gxf4 Bxf4 20. Rf1 Be3+ 21. Kh1 Ng6
22. Nf3 Bxc1 23. Qxc1 a5 24. Re2 Qd6 25. Rfe1 Ne5 26. Nxe5 Qxe5 27. Bf5 Nh7 28.
Rf2 Ra6 29. Bxh7+ Kxh7 30. Rf5 Qe7 31. e5 Rg6 32. Qf4 Qe6 33. Re4 Rf8 34. Qf3
Qe7 35. Rg4 Rxg4 36. Qxg4 Qd7 37. Qe4 g6 38. Rf6 Kg7 39. Rd6 Qh3 40. Kg1 Qh5
41. Rd5 Qd1+ 42. Kg2 Qd2+ 43. Kh1 Qd1+ 44. Kg2 Qd2+ 45. Kh1 Qc1+ 46. Kg2 Qg5+
47. Kh1 Qc1+ 48. Kg2 Qd2+ 49. Kh1 Qg5 50. e6 Qe7 51. Rd7 fxe6 52. Qe5+ Kg8 53.
Rd5 Re8 54. Qe4 Kg7 1/2-1/2

[Event "Gibtelecom ChallWk2 3rd"]
[Site "Gibraltar"]
[Date "2005.01.30"]
[Round "1"]
[White "Gonzalez Amaya, Millan"]
[Black "Hewitt, Sean D"]
[Result "1-0"]
[WhiteElo "1705"]
[BlackElo "1615"]
[PlyCount "77"]
[EventDate "2005.01.30"]
[EventType "swiss"]
[EventRounds "5"]
[EventCountry "GGB"]
[SourceTitle "BritBase"]
[Source "www.saund.co.uk"]
[SourceDate "2018.02.10"]
[SourceVersion "1"]
[SourceVersionDate "2018.02.10"]
[SourceQuality "1"]

1. e4 e5 2. Nf3 Nc6 3. Bb5 a6 4. Ba4 Nf6 5. O-O Be7 6. Re1 b5 7. Bb3 O-O 8. h3
d6 9. c3 Be6 10. Bc2 Nd7 11. d4 d5 12. exd5 Bxd5 13. Nxe5 Ndxe5 14. dxe5 Bc5
15. Be3 Bxe3 16. Rxe3 Re8 17. f4 Bc4 18. Qe1 Rb8 19. Nd2 Be6 20. Nf3 h6 21. f5
Bc8 22. Rd1 Qe7 23. Qg3 Qc5 24. Rde1 Kf8 25. Kh1 Ke7 26. f6+ Kd8 27. fxg7 Ne7
28. Rd1+ Bd7 29. Red3 Qc6 30. Rxd7+ Qxd7 31. Rxd7+ Kxd7 32. Qg4+ Kc6 33. Nd4+
Kb6 34. Qh5 Ng8 35. Qxf7 Rxe5 36. Qg6+ Kb7 37. Qc6+ Kc8 38. Qxa6+ Kd7 39. Qc6+
1-0

[Event "Gibtelecom ChallWk2 3rd"]
[Site "Gibraltar"]
[Date "2005.01.30"]
[Round "1"]
[White "Gravett, Alan D"]
[Black "Sbia, Bachir"]
[Result "1/2-1/2"]
[WhiteElo "1750"]
[BlackElo "1960"]
[PlyCount "151"]
[EventDate "2005.01.30"]
[EventType "swiss"]
[EventRounds "5"]
[EventCountry "GGB"]
[SourceTitle "BritBase"]
[Source "www.saund.co.uk"]
[SourceDate "2018.02.10"]
[SourceVersion "1"]
[SourceVersionDate "2018.02.10"]
[SourceQuality "1"]

1. g3 g6 2. Bg2 Bg7 3. d4 d5 4. Nf3 Nf6 5. O-O O-O 6. Nbd2 Nbd7 7. c4 c6 8. Re1
a5 9. b3 a4 10. cxd5 cxd5 11. b4 Qb6 12. Ba3 Ne4 13. Rc1 Ndf6 14. e3 Bg4 15. h3
Be6 16. Ne5 Nxd2 17. Qxd2 Ne4 18. Bxe4 dxe4 19. Kg2 Rfd8 20. Qb2 Bd5 21. b5 Qe6
22. Rc7 Re8 23. Qb4 Bf8 24. Nd7 Bg7 25. Rec1 Qf5 26. Nb6 Qf3+ 27. Kg1 Be6 28.
g4 Qxh3 29. Nxa8 Bxg4 30. Rxe7 Rxa8 31. Qc4 Rf8 32. Qc7 Bf3 33. Qh2 Qg4+ 34.
Kf1 Be2+ 35. Ke1 Bxb5 36. f4 exf3 37. Rxb7 Bd3 38. Bxf8 Bxf8 39. Rb8 Kg7 40.
Kd2 Qf5 41. Qe5+ Qxe5 42. dxe5 Ba6 43. Ke1 Be7 44. Kf2 Be2 45. Kg3 h5 46. Rb7
h4+ 47. Kf2 Ba3 48. Rcc7 g5 49. Rxf7+ Kg6 50. Rf6+ Kh5 51. e6 Bd6 52. Rxf3 Bxf3
53. Kxf3 g4+ 54. Kf2 Kg6 55. Rd7 Bc5 56. Rc7 Bd6 57. Rd7 Bg3+ 58. Kg2 Be5 59.
Rf7 h3+ 60. Kg1 g3 61. Rf3 h2+ 62. Kg2 Bd6 63. e7 Bxe7 64. Rxg3+ Kf5 65. e4+
Kf4 66. Rg7 Bd6 67. Ra7 a3 68. Ra4 Ke3 69. e5 Bxe5 70. Rxa3+ Kd4 71. Rb3 Kc4
72. Rb7 Kc5 73. a4 Kc6 74. Rb1 Bc7 75. a5 Bxa5 76. Kxh2 1/2-1/2

[Event "Gibtelecom ChallWk2 3rd"]
[Site "Gibraltar"]
[Date "2005.01.30"]
[Round "1"]
[White "Hamer, Martyn"]
[Black "Slimani, Abderezzak"]
[Result "1-0"]
[WhiteElo "1915"]
[BlackElo "1802"]
[PlyCount "79"]
[EventDate "2005.01.30"]
[EventType "swiss"]
[EventRounds "5"]
[EventCountry "GGB"]
[SourceTitle "BritBase"]
[Source "www.saund.co.uk"]
[SourceDate "2018.02.10"]
[SourceVersion "1"]
[SourceVersionDate "2018.02.10"]
[SourceQuality "1"]

1. f4 d5 2. b3 g6 3. Bb2 Nf6 4. e3 Bg7 5. Nf3 O-O 6. Be2 c5 7. O-O Nc6 8. Ne5
Qc7 9. Nxc6 Qxc6 10. a4 b6 11. Bf3 Ba6 12. d3 Rad8 13. Nd2 Qd7 14. Qe1 d4 15.
e4 Ne8 16. g4 e5 17. f5 Bh6 18. Rd1 Be3+ 19. Kh1 g5 20. h4 gxh4 21. Qxh4 f6 22.
Kg2 Qg7 23. Rh1 Nd6 24. Nf1 Bg5 25. Qh3 Nf7 26. Bc1 Bxc1 27. Rxc1 Ng5 28. Qg3
Kf7 29. Nd2 Rh8 30. Rh5 Rdg8 31. Be2 Ke7 32. Qe1 Qf7 33. c4 Nxe4 34. Kh2 Nxd2
35. Qxd2 Bb7 36. b4 Rc8 37. Rb1 Qe8 38. g5 Qf7 39. Rh6 Ke8 40. Bh5 1-0

[Event "Gibtelecom ChallWk2 3rd"]
[Site "Gibraltar"]
[Date "2005.01.30"]
[Round "1"]
[White "Hurn, Robert"]
[Black "Elamri, Khaled"]
[Result "0-1"]
[WhiteElo "1682"]
[BlackElo "1922"]
[PlyCount "108"]
[EventDate "2005.01.30"]
[EventType "swiss"]
[EventRounds "5"]
[EventCountry "GGB"]
[SourceTitle "BritBase"]
[Source "www.saund.co.uk"]
[SourceDate "2018.02.10"]
[SourceVersion "1"]
[SourceVersionDate "2018.02.10"]
[SourceQuality "1"]

1. e4 e5 2. Nf3 d6 3. d4 exd4 4. Nxd4 Nf6 5. Nc3 c6 6. Bd3 Be7 7. O-O O-O 8.
Qe2 b5 9. Bf4 a6 10. Nf5 Bxf5 11. exf5 b4 12. Ne4 d5 13. Ng3 c5 14. Qf3 Nbd7
15. Rfe1 Re8 16. h4 c4 17. Bf1 Nc5 18. Red1 Qc8 19. Bg5 Ncd7 20. b3 a5 21. bxc4
dxc4 22. h5 h6 23. Be3 Bc5 24. Bf4 Nb6 25. Re1 a4 26. Rad1 Rxe1 27. Rxe1 Qd7
28. Bxc4 Bxf2+ 29. Kxf2 Qd4+ 30. Be3 Ng4+ 31. Kg1 Nxe3 32. Bxf7+ Kxf7 33. Qxe3
Qxe3+ 34. Rxe3 Nd5 35. Re4 Kf6 36. Rc4 Nc3 37. Rxb4 Nxa2 38. Rb1 Nc3 39. Re1 a3
40. Re6+ Kf7 41. Re1 a2 42. Ra1 Rb8 43. Kf2 Rb1 44. Rxa2 Nxa2 45. Ne4 Rb2 46.
g4 Rxc2+ 47. Ke3 Nb4 48. Kf4 Rc4 49. Ke5 Nc6+ 50. Kd5 Rd4+ 51. Kxc6 Rxe4 52.
Kd5 Rxg4 53. Ke5 Ke7 54. Kd5 Kf6 0-1

[Event "Gibtelecom ChallWk2 3rd"]
[Site "Gibraltar"]
[Date "2005.01.30"]
[Round "1"]
[White "Kuenitz, Klaus"]
[Black "Benaddi, Mouhcine"]
[Result "1-0"]
[WhiteElo "2005"]
[BlackElo "1817"]
[PlyCount "88"]
[EventDate "2005.01.30"]
[EventType "swiss"]
[EventRounds "5"]
[EventCountry "GGB"]
[SourceTitle "BritBase"]
[Source "www.saund.co.uk"]
[SourceDate "2018.02.10"]
[SourceVersion "1"]
[SourceVersionDate "2018.02.10"]
[SourceQuality "1"]

1. Nf3 Nf6 2. c4 e6 3. d4 b6 4. a3 Bb7 5. Nc3 Ne4 6. Nxe4 Bxe4 7. Bf4 Be7 8. e3
O-O 9. Bd3 f5 10. h3 Bxd3 11. Qxd3 d6 12. O-O Nd7 13. Rad1 g5 14. Bh2 Qe8 15.
e4 g4 16. hxg4 fxg4 17. Nd2 Qg6 18. Qe2 Nf6 19. e5 Nh5 20. exd6 Bxd6 21. Bxd6
cxd6 22. Rde1 Nf4 23. Qe4 Qg5 24. Re3 Rae8 25. Qc6 Qh5 26. Ne4 e5 27. Qxd6 Re6
28. Ng3 Qh4 29. dxe5 Rxd6 30. exd6 Qd8 31. Rd1 Rf6 32. d7 Re6 33. Ne4 Re7 34.
c5 bxc5 35. Nxc5 Rxe3 36. fxe3 Nh3+ 37. gxh3 gxh3 38. Kh2 Kf7 39. Nb7 Qb8+ 40.
Kxh3 Qd8 41. Nc5 Qg5 42. Kh2 Qd8 43. Nb7 Qc7+ 44. Kh3 Qe5 1-0

[Event "Gibtelecom ChallWk2 3rd"]
[Site "Gibraltar"]
[Date "2005.01.30"]
[Round "1"]
[White "Manetto, Luis"]
[Black "Mihajlova, Diana"]
[Result "1-0"]
[WhiteElo "1585"]
[BlackElo "1217"]
[PlyCount "41"]
[EventDate "2005.01.30"]
[EventType "swiss"]
[EventRounds "5"]
[EventCountry "GGB"]
[SourceTitle "BritBase"]
[Source "www.saund.co.uk"]
[SourceDate "2018.02.10"]
[SourceVersion "1"]
[SourceVersionDate "2018.02.10"]
[SourceQuality "1"]

1. e4 e5 2. Nf3 Nf6 3. d4 d6 4. dxe5 Nc6 5. exf6 Qxf6 6. h3 Qe7 7. Nc3 f5 8.
Bb5 Bd7 9. O-O fxe4 10. Bg5 Qf7 11. Nxe4 Qg6 12. Re1 Be7 13. Bxc6 bxc6 14. Nc5
Bf5 15. Rxe7+ Kf8 16. Nd3 Be4 17. Nf4 Qf5 18. Nd4 Bxc2 19. Nxf5 Bxd1 20. Ne6+
Kg8 21. Rxg7# 1-0

[Event "Gibtelecom ChallWk2 3rd"]
[Site "Gibraltar"]
[Date "2005.01.31"]
[Round "2.1"]
[White "Gonzalez Amaya, Millan"]
[Black "Kuenitz, Klaus"]
[Result "0-1"]
[WhiteElo "1705"]
[BlackElo "2005"]
[PlyCount "118"]
[EventDate "2005.01.30"]
[EventType "swiss"]
[EventRounds "5"]
[EventCountry "GGB"]
[SourceTitle "BritBase"]
[Source "www.saund.co.uk"]
[SourceDate "2018.02.10"]
[SourceVersion "1"]
[SourceVersionDate "2018.02.10"]
[SourceQuality "1"]

1. e4 e6 2. d3 d5 3. Nd2 Nf6 4. g3 c5 5. Bg2 Nc6 6. Ngf3 Be7 7. O-O b6 8. Re1
Bb7 9. c3 Qc7 10. e5 Nd7 11. d4 g5 12. Nf1 g4 13. Ng5 h6 14. Nxf7 Kxf7 15. Qxg4
h5 16. Qf4+ Kg7 17. Bh3 Raf8 18. Qd2 Nd8 19. Ne3 Bg5 20. f4 Bh6 21. Qe2 Kf7 22.
Qxh5+ Ke7 23. Qh4+ Ke8 24. Qh5+ Rf7 25. Kh1 Bg7 26. Qg4 Bf8 27. Bg2 Rg7 28. Qf3
Nf7 29. Ng4 Be7 30. f5 Ng5 31. Bxg5 Bxg5 32. fxe6 Nf8 33. Nf6+ Ke7 34. c4 dxc4
35. Qxb7 Qxb7 36. Bxb7 cxd4 37. Bd5 b5 38. Kg2 Nxe6 39. Bc6 Nc7 40. Rad1 d3 41.
h4 Bxh4 42. Ne4 Rhg8 43. Re3 Bg5 44. Nxg5 Rxg5 45. b3 Ke6 46. bxc4 bxc4 47. Re4
Rxg3+ 48. Kf2 c3 49. Rc4 c2 50. Rd2 Nd5 51. Bxd5+ Kxd5 52. Rcxc2 Rg2+ 53. Kf3
Rxd2 54. Rxd2 Kd4 55. Rh2 Rf8+ 56. Kg4 Kxe5 57. Rh7 Rd8 58. Kf3 d2 59. Rh5+ Kf6
0-1

[Event "Gibtelecom ChallWk2 3rd"]
[Site "Gibraltar"]
[Date "2005.01.31"]
[Round "2.2"]
[White "Elamri, Khaled"]
[Black "Manetto, Luis"]
[Result "1-0"]
[WhiteElo "1922"]
[BlackElo "1585"]
[PlyCount "69"]
[EventDate "2005.01.30"]
[EventType "swiss"]
[EventRounds "5"]
[EventCountry "GGB"]
[SourceTitle "BritBase"]
[Source "www.saund.co.uk"]
[SourceDate "2018.02.10"]
[SourceVersion "1"]
[SourceVersionDate "2018.02.10"]
[SourceQuality "1"]

1. b3 e5 2. Bb2 Nc6 3. e3 d6 4. Nf3 Nf6 5. d4 e4 6. Nfd2 d5 7. c4 Bg4 8. Qc1
Bb4 9. a3 Be7 10. Nc3 Be6 11. cxd5 Bxd5 12. Qc2 O-O 13. Ncxe4 Nxe4 14. Nxe4 Qd7
15. Nc3 Na5 16. Nxd5 Qxd5 17. b4 Nb3 18. Rd1 a5 19. e4 Qe6 20. Bc4 Qg4 21. f3
Bh4+ 22. Kf1 Qf4 23. Qxb3 a4 24. Qc2 c6 25. Ke2 Qg5 26. g3 Qg6 27. gxh4 Qg2+
28. Kd3 Qxf3+ 29. Kd2 Qf4+ 30. Kc3 Rfe8 31. Rdf1 Qe3+ 32. Qd3 Rxe4 33. Bxf7+
Kh8 34. Qxe3 Rxe3+ 35. Kd2 1-0

[Event "Gibtelecom ChallWk2 3rd"]
[Site "Gibraltar"]
[Date "2005.01.31"]
[Round "2.3"]
[White "Garriga Marrodan, Enrique"]
[Black "Hamer, Martyn"]
[Result "0-1"]
[WhiteElo "1915"]
[BlackElo "1915"]
[PlyCount "118"]
[EventDate "2005.01.30"]
[EventType "swiss"]
[EventRounds "5"]
[EventCountry "GGB"]
[SourceTitle "BritBase"]
[Source "www.saund.co.uk"]
[SourceDate "2018.02.10"]
[SourceVersion "1"]
[SourceVersionDate "2018.02.10"]
[SourceQuality "1"]

1. d4 Nf6 2. Nf3 e6 3. Bg5 c5 4. e3 Be7 5. Nbd2 b6 6. Bd3 Bb7 7. O-O Nc6 8. c3
Nd5 9. Bxe7 Qxe7 10. e4 Nf4 11. Bc2 d6 12. d5 Nd8 13. Ba4+ Kf8 14. c4 e5 15.
Bc2 g5 16. g3 Ng6 17. Qe2 h5 18. Qe3 f6 19. Kg2 g4 20. Nh4 Nxh4+ 21. gxh4 Nf7
22. f4 Kg7 23. f5 Kh7 24. Kf2 Rhg8 25. Rg1 Nh6 26. Rg3 Rg7 27. Rag1 Rag8 28.
Ke1 Qe8 29. Bd1 b5 30. h3 bxc4 31. Nxc4 Qd7 32. hxg4 Nxg4 33. Bxg4 hxg4 34. Qe2
Ba6 35. b3 Bxc4 36. bxc4 Qb7 37. Kf2 Kh6 38. Qd2+ Kh5 39. Qe2 Qa6 40. Rb1 Rb7
41. Rbg1 Rbg7 42. Kg2 Qb7 43. Rb3 Qa6 44. Kg3 Rb7 45. Rgb1 Rxb3+ 46. Rxb3 Kh6
47. Qd2+ Kh7 48. Qb2 Rg7 49. Rb5 Qa4 50. Qb3 Qa6 51. a4 Kh6 52. Rb8 Qa5 53.
Qe3+ Kh7 54. Rf8 Qxa4 55. Rxf6 Qxc4 56. Rxd6 Kg8 57. Rd8+ Kh7 58. f6 Rb7 59.
Kxg4 Qf1 0-1

[Event "Gibtelecom ChallWk2 3rd"]
[Site "Gibraltar"]
[Date "2005.01.31"]
[Round "2.4"]
[White "Sbia, Bachir"]
[Black "Garcia Lechugo, Francisco"]
[Result "1-0"]
[WhiteElo "1960"]
[BlackElo "1712"]
[PlyCount "57"]
[EventDate "2005.01.30"]
[EventType "swiss"]
[EventRounds "5"]
[EventCountry "GGB"]
[SourceTitle "BritBase"]
[Source "www.saund.co.uk"]
[SourceDate "2018.02.10"]
[SourceVersion "1"]
[SourceVersionDate "2018.02.10"]
[SourceQuality "1"]

1. e4 Nf6 2. e5 Nd5 3. d4 d6 4. Nf3 Bg4 5. Bc4 dxe5 6. dxe5 e6 7. O-O Be7 8.
Qe2 O-O 9. Rd1 c6 10. Bd3 f5 11. c4 Bxf3 12. Qxf3 Nc7 13. Qe2 Qe8 14. Nc3 Nd7
15. a3 Rd8 16. b4 Rf7 17. f4 Kh8 18. Be3 Qg8 19. Qh5 g6 20. Qf3 Rg7 21. Kh1 Nb6
22. Ne2 g5 23. fxg5 Nd7 24. Bf4 Bxg5 25. g3 Rg6 26. Qe3 b6 27. Bc2 Qg7 28. Rd6
Nxe5 29. Rxd8+ 1-0

[Event "Gibtelecom ChallWk2 3rd"]
[Site "Gibraltar"]
[Date "2005.01.31"]
[Round "2.5"]
[White "O'Rourke, William"]
[Black "Gravett, Alan D"]
[Result "0-1"]
[WhiteElo "1758"]
[BlackElo "1750"]
[PlyCount "36"]
[EventDate "2005.01.30"]
[EventType "swiss"]
[EventRounds "5"]
[EventCountry "GGB"]
[SourceTitle "BritBase"]
[Source "www.saund.co.uk"]
[SourceDate "2018.02.10"]
[SourceVersion "1"]
[SourceVersionDate "2018.02.10"]
[SourceQuality "1"]

1. e4 c5 2. Nc3 d6 3. f4 Nc6 4. Bc4 Nf6 5. d3 e6 6. Nf3 Be7 7. O-O O-O 8. Qe1
d5 9. Bb3 dxe4 10. dxe4 Nd4 11. Be3 Ng4 12. Bxd4 cxd4 13. Rd1 b5 14. Kh1 Qb6
15. Nxd4 Bc5 16. h3 Bxd4 17. hxg4 e5 18. f5 Qh6+ 0-1

[Event "Gibtelecom ChallWk2 3rd"]
[Site "Gibraltar"]
[Date "2005.01.31"]
[Round "2.6"]
[White "Benaddi, Mouhcine"]
[Black "Hurn, Robert"]
[Result "1-0"]
[WhiteElo "1817"]
[BlackElo "1682"]
[PlyCount "55"]
[EventDate "2005.01.30"]
[EventType "swiss"]
[EventRounds "5"]
[EventCountry "GGB"]
[SourceTitle "BritBase"]
[Source "www.saund.co.uk"]
[SourceDate "2018.02.10"]
[SourceVersion "1"]
[SourceVersionDate "2018.02.10"]
[SourceQuality "1"]

1. e4 c5 2. Nc3 Nc6 3. g3 g6 4. Bg2 Bg7 5. d3 d6 6. Be3 Rb8 7. Nge2 e6 8. Qd2
b5 9. O-O b4 10. Nd1 a5 11. f4 Nge7 12. f5 exf5 13. exf5 Bxf5 14. Bh6 Bxh6 15.
Qxh6 Kd7 16. Ne3 Qf8 17. Qf4 Kc7 18. Rad1 Qg7 19. d4 cxd4 20. Nxd4 Nxd4 21.
Rxd4 Qe5 22. Rc4+ Kb6 23. Qf2 Ka6 24. Nxf5 Nxf5 25. Re1 Qxb2 26. Bf1 Kb7 27.
Qf3+ Ka7 28. Rc7+ 1-0